000
00281nam a2200133Ia 4500
100
_a
Subramanian/N
942
_c
BK
654
_a
Computers
245
_a
Introd To Computers
260
_b
Tata McGraw Hill
_a
New Delhi
_c
1986
082
_a
1.6
300
_a
234
546
_a
ENGLISH
999
_c
31088
_d
31088